| 000 | 00842nab a2200289 a 4500 | ||
|---|---|---|---|
| 005 | 20210219161856.0 | ||
| 008 | 991125s1985 mx 000 0 spa u | ||
| 035 | _aUPN01000193505 | ||
| 100 | 1 | _aMéndez García, Fernando | |
| 100 | 1 | _ufdmendezg@yahoo.com.com.mx | |
| 222 | _aCONTADURIA Y ADMINISTRACION | ||
| 245 | _aBalanced scorecard para extraer conocimiento de la tecnología | ||
| 260 | _aMéxico | ||
| 300 | _a33-54 | ||
| 362 | 0 | _a2011 No. 234, may. ago. | |
| 653 | 0 | _aNUEVAS TECNOLOGIAS | |
| 653 | 0 | _aINNOVACION | |
| 653 | 0 | _aCAPITAL HUMANO | |
| 653 | 0 | _aCAPACIDAD TECNOLOGICA | |
| 700 | 1 | _aDomínguez Sosa, Octavio Ernesto, | |
| 700 | 1 | _ecoaut. | |
| 700 | 1 | _uoedominguez@segob.gob.mx | |
| 700 | 1 | _aOrtíz Hernández, Fernando Elí | |
| 700 | 1 | _ecoaut. | |
| 700 | 1 | _ueliortiz@mexico.com | |
| 905 | _aArticulo | ||
| 999 |
_c165606 _d165606 |
||